Las colonias escolares : (Record no. 161887)

MARC details
000 -LEADER
campo de control de longitud fija 00916nam a22001815i 4500
001 - NÚMERO DE CONTROL
campo de control 161887
003 - IDENTIFICADOR DE NÚMERO DE CONTROL
campo de control ES-MaACL
005 - FECHA Y HORA DE LA ÚLTIMA TRANSACCIÓN
campo de control 20230906212357.0
008 - DATOS DE LONGITUD FIJA--INFORMACIÓN GENERAL
campo de control de longitud fija 041027s1896 sp |||| | spa d
100 1# - ENTRADA PRINCIPAL--NOMBRE DE PERSONA
Nombre de persona Pérez Liquiñano, Ramiro.
9 (RLIN) 131468
245 14 - MENCIÓN DEL TÍTULO
Título Las colonias escolares :
Resto del título memoria redactada de acuerdo con lo dispuesto en orden circular de la Dirección General de Instrucción Pública de 15 de febrero de 1894, leída en la sesión de apertura del curso de 1896-97 /
Mención de responsabilidad, etc. por don Ramiro Pérez Liquiñano.
260 ## - PUBLICACIÓN, DISTRIBUCIÓN, ETC.
Lugar de publicación, distribución, etc. Madrid :
Nombre del editor, distribuidor, etc. [s.n.],
Fecha de publicación, distribución, etc. 1896 (
Fabricante Imp. de Pedro Núñez)
300 ## - DESCRIPCIÓN FÍSICA
Extensión 32 p. ;
Dimensiones 24 cm.
594 ## - Nota al título y mención de responsabilidad
Nota al título y mención de responsabilidad Precede al tít.: Sociedad Matritense El Fomento de las Artes.
650 #4 - PUNTO DE ACCESO ADICIONAL DE MATERIA--TÉRMINO DE MATERIA
Término de materia o nombre geográfico como elemento de entrada Colonias escolares-
Subdivisión geográfica España.
9 (RLIN) 148577
710 2# - ENTRADA AGREGADA--NOMBRE DE ENTIDAD CORPORATIVA
Nombre de entidad corporativa o nombre de jurisdicción como elemento de entrada Sociedad Matritense El Fomento de las Artes.
9 (RLIN) 139234
852 ## - LOCALIZACIÓN
Ubicación ES-MaACL
Número de control de estantería T-866-F-13
Nota libre - Enc. hol., conservando cub. original
-- - Enc. en un vol. facticio
Holdings
Estatus retirado Estado de pérdida Estado de daño No para préstamo Colección Biblioteca de origen Biblioteca actual Ubicación en estantería Fecha de adquisición Total de préstamos Signatura topográfica completa Código de barras Visto por última vez Precio de reemplazo Tipo de ítem Koha
        Colección de folletos Biblioteca del Ateneo de Madrid Biblioteca del Ateneo de Madrid Depósito folletos 17/01/2008   T-866-F-13 1169578 23/02/2023 23/02/2023 Folleto